Establishment of Traceability practices through Halal Assurance System (HAS) Implementation / (Record no. 3898)
[ view plain ]
| 000 -LEADER | |
|---|---|
| fixed length control field | 00950nam a22002657a 4500 |
| 001 - CONTROL NUMBER | |
| control field | 06574 |
| 003 - CONTROL NUMBER IDENTIFIER | |
| control field | HDC |
| 008 - FIXED-LENGTH DATA ELEMENTS--GENERAL INFORMATION | |
| fixed length control field | 210124p2017 n |0 eng |
| 022 ## - INTERNATIONAL STANDARD SERIAL NUMBER | |
| International Standard Serial Number | 2222-6990 |
| 040 ## - CATALOGING SOURCE | |
| Original cataloging agency | HDC |
| 100 ## - MAIN ENTRY--PERSONAL NAME | |
| Personal name | Azmawani Abd Rahman, |
| Relator term | author |
| 9 (RLIN) | 79 |
| 245 #0 - TITLE STATEMENT | |
| Title | Establishment of Traceability practices through Halal Assurance System (HAS) Implementation / |
| Statement of responsibility, etc. | Azmawani Abd Rahman and Mohani Abdul |
| 260 ## - PUBLICATION, DISTRIBUTION, ETC. | |
| Place of publication, distribution, etc. | [No place] : |
| Name of publisher, distributor, etc. | HR MARS, |
| Date of publication, distribution, etc. | 2017 |
| 336 ## - CONTENT TYPE | |
| Content type term | text |
| Source | rdacontent |
| 337 ## - MEDIA TYPE | |
| Media type term | computer |
| Source | rdamedia |
| 338 ## - CARRIER TYPE | |
| Carrier type term | online resource |
| Source | rdacarrier |
| 650 ## - SUBJECT ADDED ENTRY--TOPICAL TERM | |
| Topical term or geographic name entry element | Halal Assurance System, |
| 9 (RLIN) | 81 |
| 650 ## - SUBJECT ADDED ENTRY--TOPICAL TERM | |
| Topical term or geographic name entry element | Halal food supply chain, |
| 9 (RLIN) | 757 |
| 650 ## - SUBJECT ADDED ENTRY--TOPICAL TERM | |
| Topical term or geographic name entry element | Traceability |
| 9 (RLIN) | 5386 |
| 700 ## - ADDED ENTRY--PERSONAL NAME | |
| Personal name | Mohani Abdul, |
| Relator term | author |
| 9 (RLIN) | 49 |
| 856 ## - ELECTRONIC LOCATION AND ACCESS | |
| Public note | Request full-text at [email protected] |
| 942 ## - ADDED ENTRY ELEMENTS (KOHA) | |
| Source of classification or shelving scheme | Library of Congress Classification |
| 942 ## - ADDED ENTRY ELEMENTS (KOHA) | |
| Koha item type | Articles |
| 942 ## - ADDED ENTRY ELEMENTS (KOHA) | |
| Call number prefix | JART 000577 |
| Withdrawn status | Lost status | Source of classification or shelving scheme | Damaged status | Not for loan | Home library | Current library | Shelving location | Date acquired | Total checkouts | Full call number | Date last seen | Price effective from | Koha item type |
|---|---|---|---|---|---|---|---|---|---|---|---|---|---|
| Library of Congress Classification | Halal Development Corporation Library | Halal Development Corporation Library | Open Shelves | 24/05/2023 | JART 000577 | 24/05/2023 | 24/05/2023 | Articles |
